书目信息 |
| 题名: |
马克思恩格斯列宁斯大林论文艺
|
|
| 作者: | 北京大学中文系文艺理论教研室编 | |
| 分册: | ||
| 出版信息: | 北京 人民出版社 1980.07 |
|
| 页数: | 312页 | |
| 开本: | 19cm | |
| 丛书名: | ||
| 单 册: | ||
| 中图分类: | A569.1 | |
| 科图分类: | ||
| 主题词: | 马列著作--专题汇编 | |
| 电子资源: | ||
| ISBN: | ||
| 000 | 00695nam0 2200193 45 | |
| 001 | 0181023656 | |
| 005 | 20070729150822.79 | |
| 010 | @dCNY0.88 | |
| 091 | @a10019.2412 | |
| 100 | @a20810111d km y0chiy0120 ea | |
| 101 | 0 | @achi |
| 200 | 1 | @AMA KE SI EN GE SI LIE NING SI DA LIN LUN WEN YI@a马克思恩格斯列宁斯大林论文艺@f北京大学中文系文艺理论教研室编@FBei Jing Da Xue Zhong Wen Xi WenYi Li Lun Jiao Yan Shi Bian |
| 210 | @a北京@c人民出版社@d1980.07 | |
| 215 | @a312页@d19cm | |
| 606 | 0 | @a马列著作@x专题汇编 |
| 690 | @aA569.1@v3 | |
| 710 | 02 | @a北京大学中文系文艺理论教研室@ABei Jing Da Xue Zhong Wen Xi Wen Yi Li Lun Jiao Yan Shi |
| 801 | @aCN@bTSTC@c20070729 | |
| 905 | @dA569.1@e20@f1@b51660 | |
| 马克思恩格斯列宁斯大林论文艺/北京大学中文系文艺理论教研室编.-北京:人民出版社,1980.07 |
| 312页;19cm |
| ISBN :CNY0.88 |
| ● |
| 相关链接 |
|
|
|
|
正题名:马克思恩格斯列宁斯大林论文艺
索取号:A569.1/20
 
预约/预借
| 序号 | 登录号 | 条形码 | 馆藏地/架位号 | 状态 | 备注 |
| 1 | 0051660 | 000840638 | 密集书库/ [索取号:A569.1/20] | 在馆 | |
| 2 | 0051662 | 001870997 | 密集书库/ [索取号:A569.1/20] | 在馆 | |
| 3 | 0051663 | 202068298 | 密集书库/ [索取号:A569.1/20] | 在馆 | |
| 4 | 0460005 | 204600057 | 密集书库/ [索取号:A569.1/20] | 在馆 | |
| 5 | 0460006 | 204600066 | 密集书库/ [索取号:A569.1/20] | 在馆 | |
| 6 | 0787455 | 207874558 | 密集书库/ [索取号:A569.1/20] | 在馆 |